000 00174 a2200097 4500
020 _a9781594972904
041 _aspa
100 _aHiro Mashima
245 _aRave
942 _cBK
999 _c15179
_d15179